000 00464pab a2200169 454500
008 180718b2017 xxu||||| |||| 00| 0 eng d
100 _aSteinberg, David A.
245 _aInterest group pressures and currency crises: Argentina in comparative perspective
260 _c2017
300 _ap.61-82.
362 _aOct
650 _aEconomic recession
650 _aCurrencies
650 _aInterest groups
773 _aComparative Politics
909 _a116327
999 _c116321
_d116321